Design of propulsion and electric power generation systems / (Record no. 28920)

MARC details
000 -LEADER
fixed length control field 01870cam a22003977a 4500
001 - CONTROL NUMBER
control field 15674535
003 - CONTROL NUMBER IDENTIFIER
control field EG-ScBUE
005 - DATE AND TIME OF LATEST TRANSACTION
control field 20201014130036.0
008 - FIXED-LENGTH DATA ELEMENTS--GENERAL INFORMATION
fixed length control field 090326t2008 enk a f b 001 0 eng d
020 ## - INTERNATIONAL STANDARD BOOK NUMBER
International Standard Book Number 1902536479
020 ## - INTERNATIONAL STANDARD BOOK NUMBER
International Standard Book Number 9781902536477
035 ## - SYSTEM CONTROL NUMBER
System control number (OCoLC)ocm51338422
040 ## - CATALOGING SOURCE
Original cataloging agency CVM
Language of cataloging eng
Description conventions rda
Transcribing agency CVM
Modifying agency OCLCQ
-- BRI
-- AU@
-- DLC
-- EG-ScBUE
082 04 - DEWEY DECIMAL CLASSIFICATION NUMBER
Classification number 621.31
Item number WOU
Edition number 22
100 1# - MAIN ENTRY--PERSONAL NAME
Personal name Woud, Hans Klein,
Relator term author.
245 10 - TITLE STATEMENT
Title Design of propulsion and electric power generation systems /
Statement of responsibility, etc Hans Klein Woud, professor of marine engineering, Delft University of Technology, Douwe Stapersma, professor of marine engineering, Royal Netherlands, Naval College.
264 #1 - PUBLICATION, DISTRIBUTION, ETC. (IMPRINT)
Place of publication, distribution, etc London :
Name of publisher, distributor, etc IMarEST,
Date of publication, distribution, etc [2008]
264 #4 - PUBLICATION, DISTRIBUTION, ETC. (IMPRINT)
Date of publication, distribution, etc c2008
300 ## - PHYSICAL DESCRIPTION
Extent xviii, 494 pages :
Other physical details illustrations ;
Dimensions 25 cm
336 ## - CONTENT TYPE
Source rdacontent
Content type term text
Content type code txt
337 ## - MEDIA TYPE
Source rdamedia
Media type term unmediated
Media type code n
338 ## - CARRIER TYPE
Source rdacarrier
Carrier type term volume
Carrier type code nc
504 ## - BIBLIOGRAPHY, ETC. NOTE
Bibliography, etc Includes bibliographical references and index.
505 0# - FORMATTED CONTENTS NOTE
Formatted contents note Nomenclature -- Introduction to marine engineering -- Underlying physical principles -- Propulsion and electric power -- Energy conversion -- Power plant concepts -- An overview of main machinery -- Diesel engines -- Gas turbines -- Electrical components -- Propellers -- Matching propulsion engine to propeller -- Ship fuel consumption and exhaust emission.
650 #7 - SUBJECT ADDED ENTRY--TOPICAL TERM
Topical term or geographic name as entry element Ship propulsion.
Source of heading or term BUEsh
650 #7 - SUBJECT ADDED ENTRY--TOPICAL TERM
Topical term or geographic name as entry element Ships
General subdivision Fuel.
Source of heading or term BUEsh
650 #7 - SUBJECT ADDED ENTRY--TOPICAL TERM
Topical term or geographic name as entry element Marine engineering.
Source of heading or term BUEsh
650 #7 - SUBJECT ADDED ENTRY--TOPICAL TERM
Topical term or geographic name as entry element Gas-turbine power-plants.
Source of heading or term BUEsh
650 #7 - SUBJECT ADDED ENTRY--TOPICAL TERM
Topical term or geographic name as entry element Propellers.
Source of heading or term BUEsh
653 ## - INDEX TERM--UNCONTROLLED
Resource For college Engineering, General
Arrived date list October2020
655 ## - INDEX TERM--GENRE/FORM
Form subdivision Reading book
9 (RLIN) 34232
700 1# - ADDED ENTRY--PERSONAL NAME
Personal name Stapersma, Douwe,
Relator term author.
906 ## - LOCAL DATA ELEMENT F, LDF (RLIN)
a 7
b cbc
c copycat
d 2
e ncip
f 20
g y-gencatlg
942 ## - ADDED ENTRY ELEMENTS (KOHA)
Source of classification or shelving scheme Dewey Decimal Classification
Koha item type Book - Borrowing
Holdings
Withdrawn status Lost status Source of classification or shelving scheme Damaged status Not for loan Collection code Home library Current library Shelving location Date acquired Source of acquisition Total Checkouts Full call number Barcode Date last seen Price effective from Koha item type
    Dewey Decimal Classification     Baccah Central Library Central Library First floor 14/10/2020 Purchase   621.31 WOU 000049971 15/07/2025 14/10/2020 Book - Borrowing